[Event "38th Nezhmetdinov Mem"]
[Site "Kazan RUS"]
[Date "2016.06.07"]
[Round "8.9"]
[White "Tsydypov, Zhamsaran"]
[Black "Rozum, Ivan"]
[Result "0-1"]
[WhiteTitle "IM"]
[BlackTitle "GM"]
[WhiteElo "2438"]
[BlackElo "2559"]
[WhiteFideId "4108566"]
[BlackFideId "24104272"]
[EventDate "2016.05.31"]

1. e4 d6 2. d4 Nf6 3. Nc3 g6 4. Be3 c6 5. Qd2 Bg7 6. Nf3 Nbd7 7. O-O-O b5 8. Bd3
Bb7 9. e5 b4 10. Ne2 Nd5 11. Bh6 Bxh6 12. Qxh6 Qa5 13. e6 fxe6 14. Bxg6+ Kd8 15.
Ng5 Kc7 16. Nxe6+ Kb6 17. Bd3 Qxa2 18. Kd2 N5f6 19. N2f4 Qxb2 20. Rb1 Qc3+ 21.
Kd1 c5 22. Re1 a5 23. Rb3 Qa1+ 24. Kd2 Qa4 25. dxc5+ dxc5 26. Ng5 Ka7 27. Nfe6
Qc6 28. Qh4 Nb6 29. c4 a4 30. Rbb1 a3 31. Qf4 Rhc8 32. f3 a2 33. Rb2 Qa4 34. Ra1
b3 35. Ke2 Rc6 36. Nc7 Nfd5 37. Nxd5 Nxd5 38. Qe5 Nb4 39. Be4 Qa6 40. Qc3 Rc7
41. Rxb3 Qd6 42. Ra3+ Kb8 43. Rxa8+ Kxa8 44. Rd1 Qa6 45. Bxh7 Bd5 46. Be4 Ka7
47. Kf2 Qxc4 48. Qe5 Kb6 49. Bxd5 Nxd5 50. Ne6 Qc2+ 51. Ke1 Qc3+ 52. Qxc3 Nxc3
53. Ra1 Rd7 54. Nf4 Rd1+ 0-1

[Event "38th Nezhmetdinov Mem"]
[Site "Kazan RUS"]
[Date "2016.06.07"]
[Round "8.10"]
[White "Khegay, Dmitriy"]
[Black "Maiorov, Nikita1"]
[Result "0-1"]
[WhiteTitle "FM"]
[BlackTitle "GM"]
[WhiteElo "2434"]
[BlackElo "2538"]
[WhiteFideId "24153729"]
[BlackFideId "13501720"]
[EventDate "2016.05.31"]

1. Nf3 g6 2. d4 Bg7 3. g3 d6 4. Bg2 Nf6 5. O-O O-O 6. c4 Nbd7 7. Nc3 e5 8. e3
Re8 9. b3 c6 10. Bb2 a6 11. dxe5 dxe5 12. Qc2 Nc5 13. Rad1 Qc7 14. b4 Bf5 15.
Qe2 Bd3 16. Rxd3 Nxd3 17. Qxd3 e4 18. Nxe4 Nxe4 19. Bxg7 Kxg7 20. Nd4 Qe7 21. c5
Kg8 22. a3 Ng5 23. Qc2 Ne6 24. Nf3 a5 25. Nd2 axb4 26. axb4 Nc7 27. Nc4 Nb5 28.
g4 Qe6 29. g5 Red8 30. Qe2 Ra4 31. Qe1 Ra2 32. f3 Kh8 33. Qg3 Nc3 34. Qc7 Rda8
35. Bh3 Qxh3 36. Qe5+ f6 37. Qxf6+ Kg8 38. Rf2 Ne2+ 0-1

[Event "38th Nezhmetdinov Mem"]
[Site "Kazan RUS"]
[Date "2016.06.07"]
[Round "8.11"]
[White "Ponkratov, Pavel"]
[Black "Isajevsky, Anton"]
[Result "1-0"]
[WhiteTitle "GM"]
[BlackTitle "FM"]
[WhiteElo "2595"]
[BlackElo "2403"]
[WhiteFideId "4157800"]
[BlackFideId "4142500"]
[EventDate "2016.05.31"]

1. e4 e5 2. Nf3 Nc6 3. Bb5 a6 4. Ba4 Nf6 5. O-O Be7 6. Re1 b5 7. Bb3 d6 8. c3
O-O 9. d4 Bg4 10. Be3 Na5 11. Bc2 Nc4 12. Bc1 exd4 13. cxd4 c5 14. b3 Nb6 15.
Nbd2 Rc8 16. h3 Bh5 17. g4 Bg6 18. d5 Nfd7 19. Nf1 Bf6 20. Rb1 c4 21. Re2 Re8
22. Ng3 Nc5 23. g5 Be5 24. Nxe5 dxe5 25. h4 f6 26. gxf6 Qxf6 27. h5 Bf7 28. Re3
Rf8 29. Nf5 Bxd5 30. Rf3 Nxe4 31. Bxe4 Bxe4 32. Nh6+ Kh8 33. Rxf6 Rxf6 34. Bg5
Rxh6 35. Bxh6 gxh6 36. Rc1 Rg8+ 37. Kh2 Rg2+ 38. Kh3 Nd5 39. Rc3 Nxc3 40. Qd8+
Kg7 41. Qe7+ Kg8 42. Qe8+ 1-0

[Event "38th Nezhmetdinov Mem"]
[Site "Kazan RUS"]
[Date "2016.06.07"]
[Round "8.12"]
[White "Ponfilenok, Vladimir"]
[Black "Kharchenko, Boris"]
[Result "1/2-1/2"]
[BlackTitle "GM"]
[WhiteElo "2395"]
[BlackElo "2467"]
[WhiteFideId "24113522"]
[BlackFideId "14113210"]
[EventDate "2016.05.31"]

1. d4 d5 2. Nf3 Nf6 3. c4 c6 4. e3 a6 5. Bd3 Bg4 6. Nbd2 Nbd7 7. Qc2 dxc4 8.
Bxc4 e6 9. O-O c5 10. Ne5 cxd4 11. Nxg4 Nxg4 12. exd4 Qc7 13. g3 Ngf6 14. Qd3
Bd6 15. Bb3 O-O 16. Ne4 Nxe4 17. Qxe4 Nf6 18. Qf3 Rad8 19. Be3 Be7 20. Rac1 Qd7
21. Rc2 Rc8 22. Rfc1 Rxc2 23. Rxc2 Rc8 24. Rxc8+ Qxc8 25. d5 Nxd5 26. Bxd5 exd5
27. Qxd5 Bf6 28. b3 g6 29. Qd6 Bg7 30. h4 h5 31. Bd4 Bxd4 32. Qxd4 Qc1+ 33. Kg2
Qc6+ 34. Kg1 Qc1+ 35. Kg2 Qc6+ 36. Kg1 Qc1+ 1/2-1/2

[Event "38th Nezhmetdinov Mem"]
[Site "Kazan RUS"]
[Date "2016.06.07"]
[Round "8.13"]
[White "Fakhrutdinov, Timur"]
[Black "Moskalenko, Alexander"]
[Result "1/2-1/2"]
[WhiteTitle "FM"]
[BlackTitle "IM"]
[WhiteElo "2336"]
[BlackElo "2464"]
[WhiteFideId "24176702"]
[BlackFideId "4155351"]
[EventDate "2016.05.31"]

1. e4 c5 2. Nf3 d6 3. d4 cxd4 4. Nxd4 Nf6 5. Nc3 g6 6. Be3 Bg7 7. f3 O-O 8. Qd2
Nc6 9. g4 Be6 10. O-O-O Nxd4 11. Bxd4 Qa5 12. a3 Rab8 13. h4 b5 14. Nd5 Qxd2+
15. Rxd2 Nxd5 16. exd5 Bxd4 17. Rxd4 Bd7 18. Bd3 Rb6 19. Re1 Re8 20. b4 Kg7 21.
Bf1 h6 22. g5 e5 23. dxe6 fxe6 24. f4 hxg5 25. hxg5 d5 26. Rd2 Rh8 27. Bg2 Kf7
28. Rh1 Rbb8 29. Rdd1 Ke7 30. Kd2 Kd6 31. c3 Rhf8 32. Rdf1 a5 33. Rf3 axb4 34.
cxb4 Rbc8 35. Bf1 e5 36. fxe5+ Kxe5 37. Re3+ Kf4 38. Bd3 Bf5 39. Rf1+ Kxg5 40.
Rg3+ Kf6 41. Bxf5 gxf5 42. Rgf3 Ke5 43. Re1+ Kd6 44. Ref1 Ra8 45. Rxf5 Rxf5 46.
Rxf5 Rxa3 47. Rf6+ Ke5 48. Rb6 Ke4 49. Rxb5 d4 50. Rh5 Ra2+ 51. Kd1 Kd3 52. Rh3+
Kc4 53. b5 Rb2 54. b6 Rxb6 55. Kd2 Rb2+ 56. Kd1 Ra2 57. Rg3 Ra1+ 58. Kd2 Rh1 59.
Rf3 Rh2+ 60. Kd1 Kd5 61. Rb3 Ke4 62. Ra3 Rh8 63. Kd2 Rh1 1/2-1/2

[Event "38th Nezhmetdinov Mem"]
[Site "Kazan RUS"]
[Date "2016.06.07"]
[Round "8.14"]
[White "Vignesh, N R"]
[Black "Gubajdullin, Alexei"]
[Result "0-1"]
[WhiteTitle "IM"]
[BlackTitle "FM"]
[WhiteElo "2432"]
[BlackElo "2346"]
[WhiteFideId "25012215"]
[BlackFideId "4141202"]
[EventDate "2016.05.31"]

1. Nf3 c5 2. e4 Nc6 3. Bc4 e6 4. Qe2 a6 5. c3 Qc7 6. Bb3 b5 7. d3 Nge7 8. O-O
Ng6 9. d4 Bb7 10. Be3 Na5 11. Bc2 Nc4 12. Bc1 cxd4 13. cxd4 Rc8 14. Bd3 Nf4 15.
Bxf4 Qxf4 16. a4 f5 17. d5 fxe4 18. Bxe4 Nd6 19. Nbd2 Nxe4 20. Nxe4 Bxd5 21.
Nfd2 Bc6 22. Rfc1 Bb4 23. axb5 axb5 24. Rxc6 dxc6 25. Nf3 O-O 26. Neg5 Qc4 27.
Qxc4 bxc4 28. Rc1 0-1

[Event "38th Nezhmetdinov Mem"]
[Site "Kazan RUS"]
[Date "2016.06.07"]
[Round "8.15"]
[White "Mohammad, Nubairshah Shaikh"]
[Black "Imashev, Ildar"]
[Result "1-0"]
[WhiteElo "2413"]
[BlackElo "2225"]
[WhiteFideId "5053196"]
[BlackFideId "4166337"]
[EventDate "2016.05.31"]

1. d4 f5 2. c4 Nf6 3. Nf3 g6 4. Nc3 Bg7 5. Bf4 O-O 6. e3 c5 7. Qc2 Na6 8. Be2 d6
9. h3 Bd7 10. O-O Qe8 11. Bh2 Kh8 12. a3 Rc8 13. Rfd1 Bc6 14. d5 Bd7 15. Rac1
Rb8 16. Qb1 b6 17. b4 Nc7 18. Qd3 h6 19. e4 fxe4 20. Nxe4 Nxe4 21. Qxe4 Bb2 22.
Rb1 Bf5 23. Qe3 Bxb1 24. Qxh6+ Kg8 25. Ng5 Rf5 26. Rxb1 Bf6 27. Qh7+ Kf8 28. h4
Bxg5 29. g4 Rf4 30. hxg5 Re4 31. Rb3 Qa4 32. Qh8+ 1-0

[Event "38th Nezhmetdinov Mem"]
[Site "Kazan RUS"]
[Date "2016.06.07"]
[Round "8.16"]
[White "Nebolsina, Vera"]
[Black "Tunik, Gennady"]
[Result "1/2-1/2"]
[WhiteTitle "WGM"]
[BlackTitle "GM"]
[WhiteElo "2186"]
[BlackElo "2404"]
[WhiteFideId "4163591"]
[BlackFideId "4101219"]
[EventDate "2016.05.31"]

1. Nf3 Nf6 2. g3 d5 3. Bg2 c6 4. O-O Bg4 5. d4 e6 6. Nbd2 Be7 7. Re1 O-O 8. e4
dxe4 9. Nxe4 Nxe4 10. Rxe4 Bf5 11. Re1 Nd7 12. c3 h6 13. Qb3 Qb6 14. Nd2 Bd3 15.
Qd1 Nf6 16. Qf3 Ba6 17. b3 c5 18. dxc5 Qxc5 19. a4 Qc7 20. b4 b5 21. Qc6 Qxc6
22. Bxc6 Rab8 23. axb5 Bxb5 24. Bxb5 Rxb5 25. Rxa7 Bd6 26. Nc4 Bb8 27. Ra5 Rb7
28. Ne3 Rc8 29. Bb2 Ne4 30. Rc1 Ba7 31. Nd1 Nd2 32. Rca1 Rcc7 33. Ra6 Nc4 34.
Bc1 Rd7 35. Be3 Bxe3 36. fxe3 Rd3 37. Rc6 Nxe3 38. Nxe3 Rxe3 39. Rb1 Re2 40. b5
Rd7 41. b6 1/2-1/2

[Event "38th Nezhmetdinov Mem"]
[Site "Kazan RUS"]
[Date "2016.06.07"]
[Round "8.17"]
[White "Aleksandrov, Aleksej"]
[Black "Nesterov, Arseniy"]
[Result "1-0"]
[WhiteTitle "GM"]
[WhiteElo "2592"]
[BlackElo "2273"]
[WhiteFideId "13500139"]
[BlackFideId "24198455"]
[EventDate "2016.05.31"]

1. b3 Nf6 2. Bb2 d5 3. e3 c6 4. f4 g6 5. Nf3 Bg7 6. Be2 O-O 7. O-O Nbd7 8. Qe1
Ne8 9. Bxg7 Kxg7 10. c4 Nd6 11. Nc3 1-0

[Event "38th Nezhmetdinov Mem"]
[Site "Kazan RUS"]
[Date "2016.06.07"]
[Round "8.19"]
[White "Sharafiev, Azat"]
[Black "Obolentseva, Alexandra"]
[Result "1/2-1/2"]
[WhiteTitle "IM"]
[BlackTitle "WFM"]
[WhiteElo "2435"]
[BlackElo "2324"]
[WhiteFideId "4186214"]
[BlackFideId "24153648"]
[EventDate "2016.05.31"]

1. d4 Nf6 2. c4 g6 3. Nc3 Bg7 4. e4 d6 5. Nf3 O-O 6. Be2 e5 7. Be3 exd4 8. Nxd4
Re8 9. f3 c6 10. O-O d5 11. cxd5 Nxd5 12. Nxd5 cxd5 13. Rc1 Nc6 14. Nxc6 bxc6
15. Rxc6 Bb7 16. Rc1 dxe4 17. Qxd8 Raxd8 18. f4 Bd4 19. Kf2 Re7 20. Bxd4 Rxd4
21. Ke3 Ra4 22. a3 Ba6 23. Bxa6 Rxa6 24. Rc3 Rb6 25. b4 a5 26. Rb1 axb4 27. Rxb4
Ra6 28. g4 Rea7 29. Rxe4 Rxa3 30. Rxa3 Rxa3+ 31. Kf2 Kg7 32. Re5 Rh3 33. Kg2 Ra3
34. Kf2 Rh3 35. Kg2 Ra3 36. Kf2 Rh3 37. Kg2 Ra3 38. Kf2 Rh3 1/2-1/2

[Event "38th Nezhmetdinov Mem"]
[Site "Kazan RUS"]
[Date "2016.06.07"]
[Round "8.20"]
[White "Zhitnikov, Konstantin"]
[Black "Faizrakhmanov, Ramil"]
[Result "0-1"]
[BlackTitle "FM"]
[WhiteElo "2274"]
[BlackElo "2422"]
[WhiteFideId "34152846"]
[BlackFideId "24103209"]
[EventDate "2016.05.31"]

1. e4 c5 2. c3 Nf6 3. e5 Nd5 4. d4 cxd4 5. Nf3 e6 6. cxd4 b6 7. Nc3 Nxc3 8. bxc3
Qc7 9. Bd2 Bb7 10. Bd3 d6 11. O-O Nd7 12. Re1 dxe5 13. Nxe5 Nxe5 14. Rxe5 Bd6
15. Rh5 g6 16. Rh3 Bf4 17. Rc1 O-O 18. Be3 e5 19. dxe5 Qxe5 20. Qg4 Bxe3 21.
Rxe3 Qf6 22. Be4 Bxe4 23. Qxe4 Rad8 24. Qe7 Qxe7 25. Rxe7 a5 26. Kf1 Rd6 27. Rb7
Rc8 28. Rc2 Rc5 29. c4 Rdc6 30. Rb2 Rxc4 31. R7xb6 Rxb6 32. Rxb6 Rc2 33. a4 Ra2
34. Ra6 Rxa4 35. Ke2 Ra3 36. g3 a4 37. Kd2 g5 38. Ra5 h6 39. h4 gxh4 40. gxh4
Kg7 41. Ra6 Rf3 42. Rxa4 Rxf2+ 43. Ke3 Rf1 44. Ra6 h5 45. Ra5 Kg6 46. Rg5+ Kh6
47. Ra5 Rg1 48. Ra6+ Kg7 49. Ra5 Kg6 50. Ra6+ f6 51. Kf3 Rg4 52. Ra5 Rxh4 53.
Kg3 Rg4+ 54. Kh3 Rb4 55. Kg2 Rb3 56. Ra8 h4 57. Rh8 Kg5 58. Ra8 f5 59. Ra4 Rg3+
60. Kh2 Re3 61. Kg2 h3+ 62. Kh2 f4 63. Ra8 Kg4 64. Rg8+ Kf3 65. Rf8 Re1 66. Ra8
Kf2 67. Ra2+ Re2 68. Ra1 Re3 69. Ra2+ Kf1 70. Ra1+ Re1 71. Ra3 Re2+ 72. Kh1 Re3
73. Ra1+ Re1 74. Ra3 f3 75. Kh2 f2 76. Ra2 Re3 77. Ra1+ Ke2 78. Ra2+ Kf3 79. Ra1
Re1 80. Ra2 f1=Q 81. Ra3+ Re3 0-1

[Event "38th Nezhmetdinov Mem"]
[Site "Kazan RUS"]
[Date "2016.06.07"]
[Round "8.21"]
[White "Ambartsumova, Karina"]
[Black "Yagupov, Igor"]
[Result "0-1"]
[WhiteTitle "WGM"]
[BlackTitle "GM"]
[WhiteElo "2307"]
[BlackElo "2400"]
[WhiteFideId "4166299"]
[BlackFideId "4113632"]
[EventDate "2016.05.31"]

1. e4 c5 2. Nc3 Nc6 3. Nf3 g6 4. Bb5 Nd4 5. Bc4 Bg7 6. Nxd4 cxd4 7. Ne2 Nf6 8.
d3 d5 9. exd5 Nxd5 10. O-O O-O 11. Bd2 b6 12. a4 a6 13. c3 dxc3 14. bxc3 e5 15.
Rb1 Be6 16. Qc1 Qd7 17. Qa3 b5 18. Bb3 Bf5 19. Bc2 0-1

[Event "38th Nezhmetdinov Mem"]
[Site "Kazan RUS"]
[Date "2016.06.07"]
[Round "8.22"]
[White "Dmitriev, Igor"]
[Black "Yandemirov, Valeri"]
[Result "1-0"]
[WhiteTitle "IM"]
[BlackTitle "GM"]
[WhiteElo "2259"]
[BlackElo "2388"]
[WhiteFideId "4114833"]
[BlackFideId "4102622"]
[EventDate "2016.05.31"]

1. d4 Nf6 2. Nc3 d5 3. Bg5 Nbd7 4. e3 g6 5. a4 a5 6. Bd3 Bg7 7. h3 O-O 8. f4 Nb6
9. Qf3 Qd6 10. Nge2 c6 11. O-O Bf5 12. Bxf5 gxf5 13. Ng3 Qe6 14. Bxf6 Bxf6 15.
b3 Kh8 16. Nh5 Rg8 17. Kh2 Rg6 18. Rg1 Rag8 19. Raf1 Nc8 20. Nd1 Nd6 21. Nf2 Qc8
22. Rc1 Qf8 23. c4 e6 24. Nxf6 Rxf6 25. c5 Ne4 26. Nxe4 dxe4 27. Qf2 Rfg6 28. b4
axb4 29. Rb1 f6 30. Rxb4 R8g7 31. a5 Qa8 32. Qa2 Qa6 33. Rb6 Qd3 34. Rb3 Qa6 35.
Rb2 Rg3 36. Qxe6 Qd3 37. Qxf6 Qxe3 38. Qf8+ Rg8 39. Qxf5 R8g7 40. a6 Qa3 41. Re2
Qxa6 42. Rxe4 Qa8 43. Qe5 Qg8 44. f5 h6 45. Re2 Rg5 46. Qe6 Qb8+ 47. Re5 Kh7 48.
f6 R7g6 49. Kh1 Rxe5 50. dxe5 1-0

[Event "38th Nezhmetdinov Mem"]
[Site "Kazan RUS"]
[Date "2016.06.07"]
[Round "8.23"]
[White "Korovin, Mikhail"]
[Black "Kanter, Eduard"]
[Result "1-0"]
[BlackTitle "IM"]
[WhiteElo "2240"]
[BlackElo "2375"]
[WhiteFideId "24178560"]
[BlackFideId "4103963"]
[EventDate "2016.05.31"]

1. d4 Nf6 2. c4 e6 3. Nc3 Bb4 4. Qc2 O-O 5. e4 d5 6. e5 Ne4 7. Bd3 c5 8. a3
Bxc3+ 9. bxc3 Qa5 10. Bxe4 dxe4 11. Bd2 Qa6 12. Qxe4 Qxc4 13. Ne2 Bd7 14. O-O
Bc6 15. Qg4 Qd3 16. Bg5 cxd4 17. cxd4 Nd7 18. Rfd1 Qe4 19. Nf4 Rfe8 20. Bh6 g6
21. Qh4 Qf5 22. Rd3 f6 23. g4 g5 24. gxf5 gxh4 25. fxe6 Nf8 26. d5 Bb5 27. Rb3
Bc4 28. Rxb7 fxe5 29. Nh5 1-0

[Event "38th Nezhmetdinov Mem"]
[Site "Kazan RUS"]
[Date "2016.06.07"]
[Round "8.24"]
[White "Kalinin, Nikita"]
[Black "Nikitenko, Mihail"]
[Result "1/2-1/2"]
[WhiteElo "2194"]
[BlackElo "2374"]
[WhiteFideId "24155390"]
[BlackFideId "13506862"]
[EventDate "2016.05.31"]

1. e4 e5 2. Nf3 Nc6 3. Nc3 Nf6 4. d4 exd4 5. Nxd4 Bb4 6. Nxc6 bxc6 7. Bd3 d5 8.
exd5 cxd5 9. O-O O-O 10. Bg5 c6 11. Qf3 Bd6 12. h3 Rb8 13. Rab1 h6 14. Bf4 Rb4
15. Bxd6 Qxd6 16. b3 Rf4 17. Qe2 Rh4 18. Qf3 Nh5 19. Rfe1 Nf4 20. Bf1 Qf6 21.
Kh2 Nxh3 22. Qxf6 Ng5+ 23. Kg3 Rg4+ 24. Kh2 gxf6 25. Re7 Rh4+ 26. Kg3 Rd4 27.
Bd3 Rg4+ 28. Kh2 Kh8 29. f3 Rh4+ 30. Kg3 Rh5 31. Kf2 Rg8 32. Ne2 Rh2 33. Kg3 Rh5
34. Kf2 Rh2 35. Kg3 Rh5 1/2-1/2

[Event "38th Nezhmetdinov Mem"]
[Site "Kazan RUS"]
[Date "2016.06.07"]
[Round "8.26"]
[White "Sargissyan, Sargis"]
[Black "Bilan, Danila"]
[Result "1-0"]
[WhiteTitle "FM"]
[WhiteElo "2340"]
[BlackElo "2244"]
[WhiteFideId "13303210"]
[BlackFideId "24161918"]
[EventDate "2016.05.31"]

1. Nf3 d5 2. g3 Nf6 3. Bg2 c5 4. O-O Nc6 5. c4 e6 6. b3 Be7 7. Bb2 O-O 8. cxd5
Nxd5 9. Na3 b6 10. Nc4 Bb7 11. d4 cxd4 12. Nxd4 Nxd4 13. Bxd4 b5 14. Ne5 Ba3 15.
Qd2 Qe7 16. Rad1 Rfd8 17. Nd3 a5 18. Bb2 Bxb2 19. Qxb2 Rac8 20. Rc1 Nb6 21. Bxb7
Qxb7 22. Qa3 a4 23. bxa4 bxa4 24. Qb4 Qa7 25. Nc5 a3 26. e4 Rc6 27. Nb3 Rcd6 28.
Rc5 Qa4 29. Qxa4 Nxa4 30. Rc7 g6 31. Kg2 Rd1 32. Rxd1 Rxd1 33. Rc4 Nb6 34. Rb4
Nd7 35. Ra4 Re1 36. Rxa3 Rxe4 37. Ra8+ Kg7 38. Ra7 Nb6 39. Nc5 Re5 40. Nd3 Rd5
41. Nf4 Rd7 42. Rxd7 Nxd7 43. a4 Nc5 44. a5 Kf6 45. Nd3 Na6 46. Kf3 Ke7 47. Ke4
Kd6 48. Kd4 f6 49. Kc4 Nc7 50. Nb4 g5 51. a6 h5 52. h3 h4 53. gxh4 gxh4 54. a7
Na8 55. Kb5 Kc7 56. Ka6 e5 57. Nd5+ Kc6 58. Ne7+ Kc7 59. f3 f5 60. Nxf5 Kc6 61.
Ne7+ Kd7 62. Ng6 Kc8 63. Nxh4 Nc7+ 64. Kb6 Nd5+ 65. Kc5 Nc7 66. Kc6 1-0

[Event "38th Nezhmetdinov Mem"]
[Site "Kazan RUS"]
[Date "2016.06.07"]
[Round "8.27"]
[White "Pershin, Denis"]
[Black "Galaktionov, Artem"]
[Result "1/2-1/2"]
[WhiteElo "2336"]
[BlackElo "2181"]
[WhiteFideId "24165506"]
[BlackFideId "24175471"]
[EventDate "2016.05.31"]

1. d4 d5 2. c4 e6 3. Nc3 Be7 4. Bf4 Nf6 5. e3 O-O 6. Qc2 c6 7. Nf3 Nbd7 8. h3 b6
9. Bd3 Ba6 10. cxd5 Bxd3 11. Qxd3 exd5 12. O-O Qc8 13. Rac1 Qb7 14. Rfd1 Rac8
15. Ne5 Rfd8 16. Nxd7 Rxd7 17. Rc2 Bb4 18. Ne2 Bd6 19. Bxd6 Rxd6 20. Rdc1 Rdd8
21. Qa3 Ne4 22. Qa4 b5 23. Qa5 Re8 24. Nf4 h6 25. Nd3 Nd6 26. b3 Nf5 27. Rc5 Ne7
28. Nb4 f6 29. R5c2 Kf7 30. Nd3 Red8 31. Qd2 Ra8 32. Nc5 Qc7 33. Qe2 Qc8 34. Nd3
a5 35. Rc5 1/2-1/2

[Event "38th Nezhmetdinov Mem"]
[Site "Kazan RUS"]
[Date "2016.06.07"]
[Round "8.28"]
[White "Akhtariev, Andrey"]
[Black "Severina, Maria"]
[Result "0-1"]
[BlackTitle "WIM"]
[WhiteElo "1927"]
[BlackElo "2330"]
[WhiteFideId "34112275"]
[BlackFideId "4116909"]
[EventDate "2016.05.31"]

1. e4 e5 2. Nf3 Nc6 3. Bb5 a6 4. Ba4 g6 5. c3 d6 6. h3 Bg7 7. a3 Nf6 8. Bc2 O-O
9. O-O d5 10. d3 h6 11. Nbd2 Nh5 12. exd5 Qxd5 13. Nc4 Be6 14. Re1 Rad8 15. Ne3
Qd7 16. Nc4 Qd5 17. Ne3 Qc5 18. Nf1 Rfe8 19. Be3 Qf8 20. Qc1 f5 21. b4 Nf6 22.
Ba4 b5 23. Bc2 Nd5 24. Bc5 Qf7 25. c4 Nf4 26. cxb5 axb5 27. Be3 Bd5 28. N1d2 e4
29. Bxf4 exf3 30. Rb1 Nd4 31. Bd1 Rxe1+ 0-1

[Event "38th Nezhmetdinov Mem"]
[Site "Kazan RUS"]
[Date "2016.06.07"]
[Round "8.29"]
[White "Samusenko, Maksim"]
[Black "Drogovoz, Irina"]
[Result "1-0"]
[WhiteTitle "FM"]
[BlackTitle "WIM"]
[WhiteElo "2329"]
[BlackElo "2205"]
[WhiteFideId "4112253"]
[BlackFideId "4176715"]
[EventDate "2016.05.31"]

1. e4 c5 2. Nf3 d6 3. d4 cxd4 4. Nxd4 Nf6 5. Nc3 a6 6. Qd3 Qc7 7. Be2 Nbd7 8.
O-O e5 9. Nb3 b5 10. f4 Bb7 11. Bd2 exf4 12. Bxf4 Ne5 13. Qg3 Ng6 14. Rad1 Rd8
15. Nd4 Nxf4 16. Qxf4 Qc5 17. Nd5 Bxd5 18. exd5 Be7 19. Kh1 O-O 20. Nf5 Rd7 21.
Bd3 Qc7 22. Qg5 Ne8 23. Nh6+ Kh8 24. Nxf7+ Rxf7 25. Rxf7 Qd8 26. Re1 h6 27.
Rfxe7 1-0

[Event "38th Nezhmetdinov Mem"]
[Site "Kazan RUS"]
[Date "2016.06.07"]
[Round "8.30"]
[White "Kolbyshev, Sergei"]
[Black "Korchmar, Vasiliy"]
[Result "0-1"]
[BlackTitle "IM"]
[WhiteElo "2054"]
[BlackElo "2437"]
[WhiteFideId "34107646"]
[BlackFideId "24131750"]
[EventDate "2016.05.31"]

1. d4 Nf6 2. Nf3 e6 3. c4 d5 4. Nc3 c6 5. Bg5 dxc4 6. a4 b5 7. axb5 cxb5 8. e4
Qb6 9. Bxf6 gxf6 10. d5 Bc5 11. Qc2 Na6 12. dxe6 Bxe6 13. Nd1 Rg8 14. g3 O-O-O
15. Be2 Bh3 16. Bf1 Bg4 17. Be2 Nb4 0-1

[Event "38th Nezhmetdinov Mem"]
[Site "Kazan RUS"]
[Date "2016.06.07"]
[Round "8.31"]
[White "Murtazin, Bulat"]
[Black "Markelova, Lubov"]
[Result "1-0"]
[WhiteTitle "FM"]
[BlackTitle "WFM"]
[WhiteElo "2319"]
[BlackElo "2059"]
[WhiteFideId "24151351"]
[BlackFideId "24131369"]
[EventDate "2016.05.31"]

1. d4 d5 2. Bf4 c5 3. e3 Nc6 4. c3 Nf6 5. Nd2 g6 6. Ngf3 Qb6 7. Qb3 c4 8. Qc2
Bf5 9. Qc1 Bg7 10. b3 cxb3 11. axb3 O-O 12. Be2 Rac8 13. Qa3 Nd7 14. O-O e5 15.
dxe5 a6 16. c4 Ndxe5 17. Nxe5 Nxe5 18. cxd5 Nd3 19. Nc4 Qd8 20. Rad1 Nxf4 21.
exf4 Qf6 22. Bf3 Rfd8 23. d6 Be6 24. Bxb7 Bxc4 25. bxc4 Rxc4 26. d7 Rc7 27. Rfe1
h5 28. Bc8 Rcxc8 29. dxc8=Q Rxc8 30. Qd6 Qf5 31. Qxa6 Rc2 32. Qd3 Qc5 33. Qe3
Qf5 34. h3 Rc4 35. Qd3 Qxf4 36. g3 Qc7 37. Qd8+ Kh7 38. Re7 Qc5 39. Rxf7 Rc3 40.
Qd4 Qxd4 41. Rxd4 Kg8 42. Rdd7 Bh6 43. Rf6 1-0

[Event "38th Nezhmetdinov Mem"]
[Site "Kazan RUS"]
[Date "2016.06.07"]
[Round "8.32"]
[White "Dzhangobegov, Vladimir"]
[Black "Ioffe, Dmitry"]
[Result "1/2-1/2"]
[WhiteTitle "FM"]
[WhiteElo "2315"]
[BlackElo "2058"]
[WhiteFideId "4180984"]
[BlackFideId "4185617"]
[EventDate "2016.05.31"]

1. d4 Nf6 2. Bg5 Ne4 3. Bf4 c5 4. f3 Qa5+ 5. c3 Nf6 6. d5 d6 7. e4 g6 8. Na3
Nbd7 9. Nc4 Qc7 10. a4 b6 11. Nh3 Bg7 12. Qd2 O-O 13. Be2 Re8 14. O-O a6 15. Nf2
Rb8 16. h3 Nh5 17. Bh2 b5 18. axb5 axb5 19. Na5 Ra8 20. Nc6 Ba6 21. g4 Nhf6 22.
Ra2 c4 23. Rfa1 Nc5 24. Bd1 Bb7 25. Rxa8 Rxa8 26. Rxa8+ Bxa8 27. Qe3 Bxc6 28.
Qxc5 dxc5 29. Bxc7 Bb7 30. g5 Nd7 31. f4 Kf8 32. Kf1 h6 33. h4 hxg5 34. hxg5 Ke8
35. Bg4 b4 36. Ba5 Nb8 37. Ke2 Na6 38. Kd2 f6 39. Be2 fxg5 40. fxg5 Be5 41. Ke3
e6 42. Bxc4 exd5 43. exd5 Nc7 44. Ke4 Bg3 45. Nd3 Ne6 46. Kf3 Bh2 47. Kg4 Nc7
48. Bxc7 Bxc7 49. Nxc5 bxc3 50. bxc3 Bc8+ 51. Kh4 Be5 52. Bb5+ Ke7 53. c4 Bd4
54. Ne4 Bf5 55. Ng3 Bf2 56. c5 Bxc5 57. Nxf5+ gxf5 58. Bd3 Kd6 59. g6 Bd4 60.
Bc4 Bf6+ 1/2-1/2

[Event "38th Nezhmetdinov Mem"]
[Site "Kazan RUS"]
[Date "2016.06.07"]
[Round "8.33"]
[White "Pogorelskikh, Sergey"]
[Black "Elkin, Leonid"]
[Result "1/2-1/2"]
[WhiteTitle "FM"]
[WhiteElo "2281"]
[BlackElo "2055"]
[WhiteFideId "4187024"]
[BlackFideId "13501240"]
[EventDate "2016.05.31"]

1. e4 c5 2. Nf3 d6 3. d4 cxd4 4. Nxd4 Nf6 5. Nc3 g6 6. Be3 Bg7 7. f3 O-O 8. Qd2
Nc6 9. Bc4 Bd7 10. O-O-O Rb8 11. g4 Na5 12. Bb3 b5 13. g5 Nh5 14. Nde2 Nxb3+ 15.
cxb3 a5 16. Kb1 b4 17. Nd5 a4 18. bxa4 Bxa4 19. b3 e6 20. Ndf4 Nxf4 21. Bxf4
Bxb3 22. axb3 Qa5 23. Qa2 Qb5 24. Nd4 Qb6 25. Be3 Ra8 26. Qb2 Qa6 27. f4 Rfc8
28. e5 dxe5 29. Nc2 exf4 30. Bd4 e5 31. Nxb4 Qa5 32. Bc3 Rxc3 33. Qxc3 e4 34.
Rd4 Bxd4 35. Qxd4 Rb8 36. Rc1 f3 37. Kb2 Qxg5 38. Nd5 Rxb3+ 39. Kxb3 Qxc1 40.
Nf6+ Kg7 41. Nxe4+ Kh6 42. Nf2 f5 1/2-1/2